A first course in complex analysis with applications (Record no. 570140)
[ view plain ]
| 000 -LEADER | |
|---|---|
| fixed length control field | 00531nam a22001817a 4500 |
| 003 - CONTROL NUMBER IDENTIFIER | |
| control field | CEME |
| 005 - DATE AND TIME OF LATEST TRANSACTION | |
| control field | 20210628202537.0 |
| 008 - FIXED-LENGTH DATA ELEMENTS--GENERAL INFORMATION | |
| fixed length control field | 210122b xxu||||| |||| 00| 0 eng d |
| 020 ## - INTERNATIONAL STANDARD BOOK NUMBER | |
| International Standard Book Number | O-7637-1437-2 |
| 040 ## - CATALOGING SOURCE | |
| Transcribing agency | . |
| 082 ## - DEWEY DECIMAL CLASSIFICATION NUMBER | |
| Classification number | 515.9 ZIL |
| 100 ## - MAIN ENTRY--PERSONAL NAME | |
| Personal name | Zill , Dennis .G Shanahan, Patrick .D |
| 9 (RLIN) | 60419 |
| 245 ## - TITLE STATEMENT | |
| Title | A first course in complex analysis with applications |
| 260 ## - PUBLICATION, DISTRIBUTION, ETC. | |
| Place of publication, distribution, etc. | NEW YORK |
| Name of publisher, distributor, etc. | JONES AND BARTLET |
| Date of publication, distribution, etc. | 2003 |
| 300 ## - PHYSICAL DESCRIPTION | |
| Extent | XI,534 P |
| 650 ## - SUBJECT ADDED ENTRY--TOPICAL TERM | |
| Topical term or geographic name entry element | FUNCTIONS OF COMPLEX VARIABLES.COMPLEX ANALYSIS. |
| 9 (RLIN) | 60420 |
| 942 ## - ADDED ENTRY ELEMENTS (KOHA) | |
| Koha item type | Book |
| Source of classification or shelving scheme | |
| Withdrawn status | Lost status | Damaged status | Not for loan | Permanent Location | Current Location | Shelving location | Date acquired | Total Checkouts | Full call number | Barcode | Date last seen | Price effective from | Koha item type |
|---|---|---|---|---|---|---|---|---|---|---|---|---|---|
| College of Electrical & Mechanical Engineering (CEME) | College of Electrical & Mechanical Engineering (CEME) | General Stacks | 07/19/2017 | 515.9 ZIL | CEME-41542 | 06/28/2021 | 06/28/2021 | Book |
